|
|
|
|
| LEADER |
01475nam a2200325 a 4500 |
| 001 |
000607674 |
| 003 |
CZ BrMZK |
| 005 |
20041011065626.0 |
| 007 |
ta |
| 008 |
020624s2001 gw f ger d |
| 020 |
|
|
|a 3-8304-5110-5
|
| 040 |
|
|
|a BOA001
|b cze
|
| 080 |
|
|
|a (062.534)
|2 MRF
|
| 080 |
|
|
|a 551.583
|2 MRF
|
| 080 |
|
|
|a 551.515
|2 MRF
|
| 245 |
0 |
0 |
|a Klimawechsel vor dem Einfluß des Menschen :
|b Leopoldina-Symposium gemeinsam veranstaltet von der Deutschen Akademie der Naturforscher Leopoldina und dem GeoForschungsZentrum Potsdam vom 25. bis 27. Oktober 2001 in Halle (Saale) /
|c wissenschaftliche Vorbereitung und Organisation: Michael Sarnthein ... [et al.]
|
| 260 |
|
|
|a Halle (Saale) :
|b Deutsche Akademie der Naturforscher Leopoldina,
|c 2001
|
| 300 |
|
|
|a 230 s. :
|b il. (některé barev.), mapy ;
|c 24 cm
|
| 490 |
1 |
|
|a Nova acta Leopoldina. N. F. ;
|v Nr. 331, Bd. 88
|
| 504 |
|
|
|a Obsahuje bibliografie
|
| 541 |
|
|
|a Brno, Přírodovědecká fakulta MU
|
| 650 |
0 |
7 |
|a klimatické změny
|7 ph134843
|2 czenas
|
| 650 |
0 |
7 |
|a počasí
|7 ph124495
|2 czenas
|
| 655 |
|
7 |
|a sborníky konferencí
|7 fd133333
|2 czenas
|
| 700 |
1 |
|
|a Sarnthein, Michael
|4 edt
|
| 710 |
2 |
|
|a Deutsche Akademie der Naturforscher Leopoldina
|7 ko2002152588
|
| 830 |
|
0 |
|a Nova acta Leopoldina (Deutsche Akademie der Naturforscher Leopoldina)
|n N. F.
|
| 910 |
|
|
|a BOA001
|b 2-1101.853
|
| 990 |
|
|
|a BK
|
| 996 |
7 |
|
|b 2610165317
|c 2-1101.853
|l MZK
|r Sklad / do 1 hodiny
|n 0
|p vým
|w 000607674
|u 000010
|a 1
|e BOA001
|j MZK50
|s A
|